| 000 | 00468nam a22001937a 4500 | ||
|---|---|---|---|
| 003 | MPLRDC | ||
| 005 | 20220104153322.0 | ||
| 008 | 210129b ||||| |||| 00| 0 eng d | ||
| 020 | _a7-80557-548-7 | ||
| 082 | _a997 MSX | ||
| 100 | _a苗淑霞编著 | ||
| 245 |
_a一刻钟观察力训练 _c |
||
| 250 | _a初版 | ||
| 260 |
_a _b哈尔滨出版社 _c1992 |
||
| 300 | _b平 | ||
| 490 | _a小学生智力开发系列丛书 | ||
| 650 | _a | ||
| 942 |
_cBK _o997 MSX |
||
| 999 |
_c53383 _d53373 |
||